| 000 | 00928nam a22002537a 4500 | ||
|---|---|---|---|
| 003 | nust | ||
| 005 | 20210705150400.0 | ||
| 008 | 0 | ||
| 020 | _a9789698535148 | ||
| 038 | _aArshad | ||
| 040 | _c0 | ||
| 082 |
_a915.492 _bSAD |
||
| 100 |
_aSaddique, Muhammad Yousaf _980884 |
||
| 245 | _aMashriq main Islami Tehzeeb kay aasar: Bangladesh main Arbi-o-Farsi Kutbat (Urdu) | ||
| 260 |
_aIslamabad _bNUST Publishing _c2013 |
||
| 300 |
_axxviii, 651 p. _bill. ; |
||
| 500 | _aIncludes index | ||
| 563 | _aHBK | ||
| 650 |
_a1. Bangladesh--Encylopedia. 2. Bagladesh--Islamic History. _95119 |
||
| 880 |
_6100-01\(3\r _aمحمد یوسف صدیق |
||
| 880 |
_6245-02\(3\r _aمشرق میں اسلامی تہذیب کے آثار بنگلہ دیش میں عربی و فارسی کتبات اردو / _bمحمد یوسف صدیق |
||
| 880 |
_6260-03\(3\r _aاسلام آباد: _bنسٹ پبلشنگ، _c2013۔ |
||
| 942 |
_cBK _2ddc |
||
| 999 |
_c331486 _d331486 |
||